Determinanty zlyhania krajín bakalárska práca

Uložené v:
Podrobná bibliografia
Hlavný autor: Mauritzová, Ulrika
Korporativný autor: Národohospodárska fakulta EU. Katedra financií
Ďalší autori: Káčer, Marek, 1976-
Médium: Kniha
Jazyk:Slovak
Vydavateľské údaje: Bratislava 2018
Tagy: Pridať tag
Žiadne tagy, Buďte prvý, kto otaguje tento záznam!

MARC

LEADER 00000nbm a2200000 4500
001 0245952
005 20181214084736.1
041 0 |a slo 
044 |a SK 
245 1 0 |a Determinanty zlyhania krajín  |b bakalárska práca  |c Ulrika Mauritzová ; školiteľ: Marek Káčer 
264 1 |a Bratislava  |c 2018 
300 |a 47 s. 
100 1 |a Mauritzová, Ulrika 
700 1 |a Káčer, Marek, 1976- 
710 2 |a Národohospodárska fakulta EU. Katedra financií